000 00494nam a22001817a 4500
003 UA-OsUOA
001 25609
007 ta
008 20040419b un ||||| |||| 00| 0 ukr d
100 _aЗатуливітер Володимир
942 _cSA
040 _aUA-OsUOA
_cUA-OsUOA
_dUA-OsUOA
245 _aДіжа : Поза жанром
300 _aС.14-27
955 _a0
773 0 _w0
_tСучасність
_dКиїв
_d2004
_g№4
650 7 _aХудожня література
_2UDC
999 _c311907
_d311907